000 00526nmm a2200169Ia 4500
008 251105s9999||||xx |||||||||||||||||und||
020 _a978-84-89624-38-2
041 _aspa
100 _aCalle, Ramiro
245 0 _aLa ciencia de la felicidad :
_b Cómo ser feliz a pesar de todo(s)
264 _a[Madrid, España] :
_bKailas Editorial,
_c2008
300 _a148 páginas
490 _aNo ficción
650 _aSelf-help and personal development
856 _uhttps://public.digitaliapublishing.com/a/99547
942 _cCF
999 _c87080
_d87080